000 01376nam a22003617a 4500
001 1047
003 DO-SdBNP
005 20230330112709.0
007 1047
008 161011b 2008 ck || 00| 0 spa d
020 _a9789586773768 (obra completa)
020 _a9789586773775 (tomo I)
020 _a9789586773782 (tomo II)
020 _a9789586773799 (tomo III)
020 _a9789586773805 (tomo IV)
020 _a9789586773812 (tomo V)
040 _aBPMSU
_bspa
_cBPMSU
082 4 _a465
_bC268c 2008
_222
100 1 _aCardona Prieto, Marcela.
245 1 0 _aCiencia del idioma y arte gramatical /
_cMarcela Cardona Prieto, Nohora María Cardona, Fabio Rodríguez Páez ; editor Gustavo de Elorza Martínez.
260 _aBogotá :
_bZamora Editores,
_c2008.
300 _a5 v. :
_bil. ;
_c27 cm.
_e
505 0 _gv. 1
_tCompetencia lingüística --
_gv. 2
_tCompetencia escritora y sistemas de compresión --
_gv. 3
_tCompetencia literaria --
_gv. 4
_tCompetencia ortográfica --
_gv. 5
_tCompetencia comunicativa.
590 _6Inventariado, 2023/VM
650 4 _aEspañol
_xGramática.
650 4 _aEspañol
_xOrtografía
650 4 _aEspañol
_xVerbo.
700 1 _aElorza Martínez, Gustavo de,
_eed.
_x
700 1 _aCardona, Nohora María.
700 1 _aRodríguez Páez, Fabio.
910 _aVMateo V. Control de calidad (BPMSU)
942 _2ddc
_cBK
999 _c11533
_d11533